| 000 | 00688nam a2200229 4500 | ||
|---|---|---|---|
| 003 | OSt | ||
| 005 | 20151105164621.0 | ||
| 008 | 791218s1979 sp | ||
| 020 | _a84-01-36006-4 | ||
| 040 | _cBMC | ||
| 082 | _a823.438 | ||
| 100 | 1 |
_aSinger, Isaac Bashevis _d1904-1991 |
|
| 245 | 1 | 0 |
_aEnemigos _b: una historia de amor _cIsaac Bashevis Singer; [traducción de Ana Mª de la Fuente] |
| 250 | _a4ª ed | ||
| 260 |
_aBarcelona _bPlaza & Janés _c1979 |
||
| 300 |
_a252 p. _c19 cm |
||
| 490 | _aNovelistas del día | ||
| 595 | _aTraducción de: Enemies, a love story | ||
| 650 | 2 | 4 |
_922976 _aNovela Polaca |
| 700 | 1 |
_aFuente, Ana María de la _912375 |
|
| 942 |
_2ddc _cBK |
||
| 999 |
_c23219 _d23219 |
||